000 00953nam a22001337a 4500
040 _cRUA
082 _aVEM CHR 2014 B442 Or.1
100 _aCHROENG SOTHEA ; ជ្រឹង​ សុធា
245 _aStudy on immunity persistence of fowl cholera disease on native chicken in korng pisei district, kampong speu province by hi-test in laboratory of royal university of agriculture, សិក្សាពិភាពឋិតថេរ នៃភាពសុំាជំងឺអាសន្នរោគលើមាន់ស្រុក នៅស្រុកគងពិសី ខេត្តកំពង់ស្ពឺ តាមរយៈHI-Test នៅមន្ទីរពិសោធន៍សាកវិទ្យាល័យភូមិន្ទកសិកម្ម
260 _aPhnom Penh
_bRUA
_c2014
300 _aix ;40p.
_bill.
_c29cm.
856 _uhttps://drive.google.com/file/d/1DlNNPGWxup6xiaL9osCRmE8XeZ7AcBLa/view?usp=sharing
942 _cVEM
999 _c7241
_d7241